000 01410cam a2200373 i 4500
001 005517078
003 YEEZEN
005 20260311140308.0
008 240222s2024 ch g 000 0 chi d
020 _a9786267366530
_q(平裝) :
_c新臺幣420元
040 _aNPUST
_bchi
_cNPUST
_eCCR
041 1 _achi
_heng
042 _anbic
044 _ach
084 _a177.2
_2ncsclt
090 _a177.2
_b4244-1
100 1 _a布魯克斯
_c(Brooks, Arthur C.)
_e
245 1 0 _a打造你要的人生 :
_b歐普拉與哈佛教授談「更幸福」的藝術與科學 /
_c亞瑟.布魯克斯(Arthur C. Brooks), 歐普拉.溫弗蕾(Oprah Winfery)著 ; 鍾玉玨譯
246 3 3 _a歐普拉與哈佛教授談更幸福的藝術與科學
246 3 0 _a歐普拉與哈佛教授談「更幸福」的藝術與科學
260 _a臺北市 :
_b城邦文化商業周刊出版 :
_b聯合發行總經銷,
_c2024.01
300 _a270面 ;
_c21公分
490 1 _a紅沙龍 ;
_v65.
500 _a譯自 :Build the life you want : the art and science of getting happier.
650 7 _a自我實現
_2lcstt.
650 7 _a成功法
_2lcstt.
700 1 _a溫弗蕾
_c(Winfery, Oprah)
_e
700 1 _a鍾玉玨
_e
700 1 _aBrooks, Arthur C.
700 1 _aWinfery, Oprah.
740 0 1 _aBuild the life you want : the art and science of getting happier.
830 0 _a紅沙龍 ;
_v65.
942 _2ccl
_cBOOK
999 _c7701
_d7701